Stacje kolejowe w Olsztynie - Statystyki

Ogólne statystyki
  • Ten quiz został rozwiązany 219 razy
  • Średni wynik to 5 z 8
Statystyki odpowiedzi
odpowiedzi % Poprawnych
olsztyn główny
98%
olsztyn zachodni
97%
olsztyn środmieście
79%
olsztyn dajtki
75%
olsztyn gutkowo
64%
olsztyn redykajny
54%
olsztyn likusy
53%
olsztyn jezioro długie
14%
Nie znaleziono quizów pasujących do podanych kryteriów
Rozkład punktacji
Procent ludzi z każdym wynikiem
Percentyl według liczby udzielonych odpowiedzi
Twoja historia wyników
Nie rozwiązałeś tego quizu